| 000 | 00344nam a2200133Ia 4500 | ||
|---|---|---|---|
| 005 | 20260326235452.0 | ||
| 008 | 260326s9999||||xx |||||||||||||| ||und|| | ||
| 100 | _aPapathanassopoulos, G. | ||
| 245 | 4 |
_aThe Acropolis : _b Monuments and museum / _cG. Papathanassopoulos |
|
| 260 | _bKrene | ||
| 300 | _a96 p. | ||
| 650 | _aANTIGUEDAD | ||
| 942 | _cBK | ||
| 999 |
_c7816 _d7816 |
||